| 000 | 00541nam a22001817a 4500 | ||
|---|---|---|---|
| 008 | 211105b |||||||| |||| 00| 0 eng d | ||
| 020 | _a0313274630 | ||
| 050 | _aZ699 .B83 1991 | ||
| 100 | _aBuckland, Michael | ||
| 245 |
_aInformation and information systems/ _cMichael Buckland |
||
| 260 |
_aWestport _bPraeger _c1991 |
||
| 300 | _a225p. | ||
| 650 | _aInformation storage and retrival systems | ||
| 650 |
_aInformation Technology _vSocial aspects |
||
| 650 | _aRetrival systems | ||
| 650 |
_aLibraries _vAutomation |
||
| 942 |
_2lcc _cBK |
||
| 999 |
_c19104 _d19103 |
||